000 00286nam a22001337a 4500
008 170322b xxu||||| |||| 00| 0 eng d
020 _a0721641687
041 _aeng
080 _a616.9
100 _a8
101 _aSHM
245 _aINFECTION DISEASES
_cGORBACH.SH.L
942 _2udc
_cBK
999 _c8411
_d8411